000 00673nam a2200241Ia 4500
003 OSt
005 20220924114942.0
006 a|||||r|||| 00| 0
007 ta
008 220923b |||||||| |||| 00| 0 ben d
020 _c40
024 _a294221
037 _cTextual
040 _aARTS
_cARTS
_bben
041 _2ben
_aben
082 _aO157,3N:g(Y), N5
100 _aBhattacharya Malini
_9176215
245 0 _aNirmaner samajikata o adhunik bangla upanyas
260 _aCalcutta
_bDey's Publishing India
_c1995
650 _aBENGALI LITERATURE
942 _hO157,3N:g(Y), N5
_cTEXL
_2CC
999 _c396129
_d396129